Biología 1 /

Guardado en:
Autor Principal: Zarur, Pedro
Formato: Libro
Publicado: Buenos Aires : Plus Ultra, 1979
Edición:4a. ed.
Materias:
Etiquetas: Agregar Etiqueta
Sin Etiquetas, Sea el primero en etiquetar este registro!
LEADER 00879nam a22002415a 4500
001 CEM.cems006745
005 20060214000000.0
008 130507s1979##################000#0#####d
003 CEMS
082 0 4 |a 574 
100 1 |a Zarur, Pedro 
245 1 0 |a Biología 1 / 
250 |a 4a. ed. 
260 |a Buenos Aires :  |b Plus Ultra,  |c 1979 
300 |a 188 p. 
653 |a Biología 
859 |a CEMS  |b BIB. CEMS - 11 de abril  |h 574  |i Z19a4/I  |p 6961.79  |t Ej.1 
859 |a CEMS  |b BIB. CEMS - 11 de abril  |h 574  |i Z19a4/I  |p 7041.79  |t Ej.2 
859 |a CEMS  |b BIB. CEMS - 11 de abril  |h 574  |i Z19a4/I  |p 7043.79  |t Ej.3 
859 |a CEMS  |b BIB. CEMS - 11 de abril  |h 574  |i Z19a4/I  |p 7044.79  |t Ej.4 
859 |a CEMS  |b BIB. CEMS - 11 de abril  |h 574  |i Z19a4/I  |p 7045.79  |t Ej.5 
859 |a CEMS  |b BIB. CEMS - 11 de abril  |h 574  |i Z19a4/I  |p 7046.79  |t Ej.6 
859 |a CEMS  |b BIB. CEMS - 11 de abril  |h 574  |i Z19a4/I  |p 7047.79  |t Ej.7